Колосова Е.

Доступно только в Электронных читальных залах Найти на картеНа карте
RUSMARC
00003713nac2a22002771x 450
001eccc0164-0c0a-4e90-90a2-df32f6b21c6b
00520140109121828.0
100##$a20130529l1897 k y0rusy50 ca
1010#$arus
102##$aRU
105##$ay z |||||
1220#$ad18971206
2001#$aКолосова Е.
$j6 декабря 1897
215##$a2 листа
251##$cДело
300##$aЗаголовок дела на папке: Письмо от Колосовой Е. Кони А. Ф.
300##$aРукописный текст
330##$aПереписка А. Ф. Кони; Письма к А. Ф. Кони
461#0$10013a54f2e3-e9cf-409b-80fa-f0a9bd3c40cb
$12001
$aКони Анатолий Федорович, юрист, литератор, член академии наук, председатель Санкт-Петербургского окружного суда, член государственного совета
$1251
$cФонд
$1852
$j564
462#0$100178a475cd-a47d-4377-bff3-cee4b81de655
$12001
$aОпись дел фонда А. Ф. Кони за 1880-1931 гг.
$1251
$cОпись
$1852
$j1
517##$aПисьмо от Колосовой Е. Кони А. Ф.
600#1$aКони
$bА. Ф.
$f1844-1927
$gАнатолий Федорович
600#1$aКолосова
$bЕ.
801#0$aRU
$bGA_RF
801#1$aRU
$bНПО Опыт
$c20130529
$2rusmarc
801#2$aRU
$bПБ им. Б.Н. Ельцина
$c20140109
$gRCR
$2rusmarc
852##$aГА РФ
$j2155
937##$d42620242
$hПБ
035##$aRuPRLIB51004059
Формат отображения